| 000 | 00753nam a22002295a 4500 | ||
|---|---|---|---|
| 005 | 20081202064115.0 | ||
| 008 | 081025s2008 ii b 001 0 eng | ||
| 010 | _aENG-92890 | ||
| 020 |
_c60.00 _a8184231113 |
||
| 035 | _aEN-76423 | ||
| 037 | _bDBAD / PUB | ||
| 040 |
_adpl _bEnglish |
||
| 082 | _a881 | ||
| 100 | _aJoshy, Anu | ||
| 245 |
_aWhen my heart speaks / _cby Anu Joshy |
||
| 260 |
_aThrissur _bGreen Books _c2008 |
||
| 270 |
_aBrahmaswom Madam Building, M.G. Road, _bThrissur _e1 |
||
| 300 |
_a95p. . _c22cm (pbk) |
||
| 650 | _aEnglish poetry. | ||
| 942 |
_2ddc _cEN _mJOS _h881 |
||
| 999 |
_c23131 _d23131 |
||